Disassembling code (Record no. 6033)

MARC details
000 -LEADER
fixed length control field 00778 a2200217 4500
005 - DATE AND TIME OF LATEST TRANSACTION
control field 20080825112843.0
008 - FIXED-LENGTH DATA ELEMENTS--GENERAL INFORMATION
fixed length control field 080825t xxu||||| |||| 00| 0 eng d
010 ## - LIBRARY OF CONGRESS CONTROL NUMBER
LC control number ENG-87096
020 ## - INTERNATIONAL STANDARD BOOK NUMBER
International Standard Book Number 8183331963
Terms of availability 360.00
035 ## - SYSTEM CONTROL NUMBER
System control number EN-70629
037 ## - SOURCE OF ACQUISITION
Source of stock number/acquisition DBAD / PUB
040 ## - CATALOGING SOURCE
Original cataloging agency dpl
082 ## - DEWEY DECIMAL CLASSIFICATION NUMBER
Classification number 005.456
100 ## - MAIN ENTRY--PERSONAL NAME
Personal name Pirogov, Vlad
245 ## - TITLE STATEMENT
Title Disassembling code
Remainder of title IDA pro and softice
Statement of responsibility, etc by Vlad Pirogov
260 ## - PUBLICATION, DISTRIBUTION, ETC. (IMPRINT)
Place of publication, distribution, etc New Delhi
Name of publisher, distributor, etc BPB Publications
Date of publication, distribution, etc 2007
270 ## - ADDRESS
Address B-14, Connaught Place,
City New Delhi
Postal code 110 001
300 ## - PHYSICAL DESCRIPTION
Extent xi, 500p.
Dimensions 24cm (pbk)
942 ## - ADDED ENTRY ELEMENTS (KOHA)
Institution code [OBSOLETE] dpl
Koha item type English Books
Call number prefix 005.456 / PIR
Source of classification or shelving scheme Dewey Decimal Classification
Classification part 005.456
Call number suffix PIR
Holdings
Withdrawn status Lost status Damaged status Not for loan Home library Current library Date acquired Cost, normal purchase price Total Checkouts Full call number Barcode Date last seen Copy number Uniform Resource Identifier Cost, replacement price Price effective from Koha item type
        Andrews Gunj D.B.Act.Division 25/08/2008 360.00   005.456 PIR EN-70629 15/09/2008 1 8162 360.00 15/09/2008 English Books

© Delhi Public Library
Hit Counter
free hit counter